España sagrada. (Record no. 174575)

MARC details
000 -LEADER
campo de control de longitud fija 01120nam a2200265 4500
001 - NÚMERO DE CONTROL
campo de control 174575
003 - IDENTIFICADOR DE NÚMERO DE CONTROL
campo de control ES-MaACL
005 - FECHA Y HORA DE LA ÚLTIMA TRANSACCIÓN
campo de control 20250709063231.0
008 - DATOS DE LONGITUD FIJA--INFORMACIÓN GENERAL
campo de control de longitud fija 100507s1784 sp p |||| | spa d
080 ## - NÚMERO DE LA CLASIFICACIÓN DECIMAL UNIVERSAL
Número de la Clasificación Decimal Universal 282(460)
100 1# - ENTRADA PRINCIPAL--NOMBRE DE PERSONA
Nombre de persona Flórez, Enrique,
Fechas asociadas al nombre 1702-1773
9 (RLIN) 142679
240 10 - TÍTULO UNIFORME
Título uniforme España sagrada
245 10 - MENCIÓN DEL TÍTULO
Título España sagrada.
Número de parte o sección de la obra Tomo XXXIV,
Nombre de parte o sección de la obra El estado antiguo de la Santa iglesia esenta de Leon
Resto del título : con varios documentos y escrituras concernientes à los puntos que en él se tratan : sacadas en la mayor parte de su archivo /
Mención de responsabilidad, etc. su autor, Manuel Risco.
260 ## - PUBLICACIÓN, DISTRIBUCIÓN, ETC.
Lugar de publicación, distribución, etc. Madrid :
Nombre del editor, distribuidor, etc. en la imprente de Don Pedro Marin,
Fecha de publicación, distribución, etc. 1784.
300 ## - DESCRIPCIÓN FÍSICA
Extensión [26], 492 p., [2] h. de grab. ;
Dimensiones 20 cm.
500 ## - NOTA GENERAL
Nota general Faltan las 12 últimas p.
505 8# - NOTA DE CONTENIDO CON FORMATO
Nota de contenido con formato Apéndices, p. 390-384
546 ## - NOTA DE IDIOMA
Nota de lengua/lenguaje Texto en latín de p. 390 a 479.
594 ## - Nota al título y mención de responsabilidad
Nota al título y mención de responsabilidad Manuel Risco es continuador de la España Sagrada de Enriquez Flórez.
651 #4 - PUNTO DE ACCESO ADICIONAL DE MATERIA--NOMBRE GEOGRÁFICO
Nombre geográfico León (Diócesis)-
Subdivisión general Historia eclesiástica.
9 (RLIN) 142744
700 1# - ENTRADA AGREGADA--NOMBRE PERSONAL
Nombre de persona Risco, Manuel.
9 (RLIN) 97459
852 4# - LOCALIZACIÓN
Ubicación ES-MaACL
Número de control de estantería R-1617-69
Encuadernación C-16767-818
Holdings
Estatus retirado Estado de pérdida Estado de daño No para préstamo Colección Biblioteca de origen Biblioteca actual Ubicación en estantería Fecha de adquisición Fuente de adquisición Total de préstamos Signatura topográfica completa Código de barras Visto por última vez Precio de reemplazo Tipo de ítem Koha
        Libros del s. XVIII Biblioteca del Ateneo de Madrid Biblioteca del Ateneo de Madrid Depósito 07/05/2010     R-1650 1183261 23/02/2023 23/02/2023 Libro impreso antiguo